Loreto College Library, Kolkata
WEBOPAC (ONLINE PUBLIC ACCESS CATALOGUE)

William Blake (Record no. 40590)

MARC details
000 -LEADER
fixed length control field 00602nam a22002057a 4500
005 - DATE AND TIME OF LATEST TRANSACTION
control field 20160723112339.0
008 - FIXED-LENGTH DATA ELEMENTS--GENERAL INFORMATION
fixed length control field 160428b xxu||||| |||| 00| 0 eng d
020 ## - ISBN | অাই এস বি এন
ISBN | অাই এস বি এন 9780415568890
PRICE 595
040 ## - CATALOGING SOURCE
Language of cataloging eng
041 ## - LANGUAGE CODE
Language code English
082 ## - DDC | ডিউই
Classification number | বর্গসংখ্যা 821.6
Book Number | গ্রন্থাঙ্ক BLA-BEN
245 ## - TITLE STATEMENT | অাখ্যা বিবরণী
Title | অাখ্যা William Blake
Sub title | উপঅাখ্যা The critical heritage
Statement of responsibility | লেখকের দায়িত্বের বিবরণ Edited by G. E. Bentley
260 ## - IMPRINT | প্রকাশনা ক্ষেত্র
Place of publication | প্রকাশ স্থান London and New York
Name of publisher | প্রকাশকের নাম Routledge
Date of publication | প্রকাশ কাল 1975
300 ## - PHYSICAL DESCRIPTION |
Page / Vol. No | পৃষ্ঠা / খন্ড সংখ্যা xix,294p
Other physical details | অনান্য বাহ্যিক বিবরণ 23 cm
504 ## - BIBLIOGRAPHY, ETC. NOTE
Bibliography, etc Includes index
600 ## - SUBJECT ADDED ENTRY--PERSONAL NAME | বিষয় শিরোনাম - ব্যাক্তিনাম
Personal name | ব্যাক্তিনাম Blake, William
Dates of Birth / Death | জন্ম / মৃত্যু সন 1757-1827
Form subdivision | রুপগত বিভাগ Poetry and art
General subdivision | সাধারণ বিভাগ History and criticism
700 ## - ADDED ENTRY--PERSONAL NAME | অতিরিক্ত সংলেখ - ব্
Relator code | দায়িত্ব নির্দেশক ed.
Personal name | ব্যাক্তিনাম Bentley, G.E.
850 ## - HOLDING INSTITUTION
Holding institution LCLIB
Sub Holdings Post Graduate
942 ## - ADDED ENTRY ELEMENTS (KOHA)
Koha item type Books
Holdings
Withdrawn status Lost status Source of classification Damaged status Not for loan Home library Current library Shelving location Date acquired Price Total Checkouts Full call number Accession No. Date last seen Price effective from Koha item type
    Dewey Decimal Classification     Loreto College Loreto College Post Graduate 28/04/2016 595.00   821.6 BLA-BEN PG51 44250 28/04/2016 28/04/2016 Books